[Event "GER-ch U25-A"]
[Site "Willingen"]
[Date "2019.06.14"]
[Round "8"]
[White "Yaroshenko, Yaroslav"]
[Black "Hagenbeck Huebert, Lara"]
[Result "0-1"]
[WhiteElo "1761"]
[BlackElo "1861"]
[PlyCount "62"]
[EventDate "2019.06.08"]
[EventType "swiss"]
[EventRounds "9"]
[EventCountry "GER"]
[SourceTitle "CBM 191 Extra"]
[Source "ChessBase"]
[SourceDate "2019.09.30"]
[SourceVersion "1"]
[SourceVersionDate "2019.09.30"]
[SourceQuality "1"]

1. e4 Nf6 2. e5 Nd5 3. Bc4 Nb6 4. Bb3 d6 5. exd6 cxd6 6. d4 g6 7. Qf3 d5 8. Nc3 e6 9. Bf4 Bg7 10. Nb5 Na6 11. Nd6+ Kf8 12. Ne2 g5 13. Qh5 Qe7 14. Nxc8 Rxc8 15. Bxg5 f6 16. Be3 Nb4 17. 0-0-0 Qc7 18. c3 a5 19. Kb1 a4 20. a3 axb3 21. axb4 Qd7 22. Kc1 Nc4 23. Rd2 Qa4 24. Kd1 Qa1+ 25. Nc1 Nxd2 26. Bxd2 Qxb2 27. Qh3 Qc2+ 28. Ke2 Qe4+ 29. Qe3 b2 30. Nd3 Qxg2 31. Qxe6 Re8 0-1

[Event "Erfurt op (Women)"]
[Site "Erfurt"]
[Date "2017.08.04"]
[Round "8"]
[White "Harazinska, Magdalena"]
[Black "Hagenbeck Huebert, Lara"]
[Result "1/2-1/2"]
[WhiteElo "1917"]
[BlackElo "1694"]
[PlyCount "120"]
[EventDate "2017.07.31"]
[EventType "swiss"]
[EventRounds "9"]
[EventCountry "GER"]
[SourceTitle "CBM 179 Extra"]
[Source "ChessBase"]
[SourceDate "2017.08.23"]
[SourceVersion "1"]
[SourceVersionDate "2017.08.23"]
[SourceQuality "1"]

1. d4 d5 2. c4 e6 3. Nc3 Nf6 4. cxd5 exd5 5. Bg5 Be7 6. e3 0-0 7. Bd3 Nc6 8. a3 a6 9. Bxf6 Bxf6 10. Qh5 g6 11. Qxd5 Qe7 12. Nge2 Rd8 13. Qe4 Qxe4 14. Nxe4 Bg7 15. Bc4 h6 16. 0-0 Ne7 17. Rac1 c6 18. N4c3 Rb8 19. b4 Bd7 20. Rfd1 Nc8 21. Nf4 Nd6 22. Bb3 Kf8 23. e4 Nb5 24. Nxb5 axb5 25. e5 Bf5 26. Ne2 Ra8 27. Ra1 Ke7 28. f3 g5 29. g4 Bg6 30. Ng3 Ra7 31. Nf5+ Bxf5 32. gxf5 f6 33. e6 Bf8 34. d5 Rd6 35. Kf2 Ke8 36. Kg3 Ra8 37. Kg4 Rad8 38. dxc6 bxc6 39. Rxd6 Rxd6 40. Rd1 Rxd1 41. Bxd1 c5 42. a4 bxa4 43. Bxa4+ Kd8 44. b5 Bd6 45. Kh3 Kc7 46. Bb3 Kb6 47. Bc4 Kc7 48. Kg2 Kd8 49. b6 Kc8 50. Bd5 c4 51. b7+ Kc7 52. Kf1 c3 53. Ke2 Kd8 54. h3 Ke7 55. Kd3 c2 56. Kxc2 Bb8 57. Kd3 Kd8 58. Kc4 Ke7 59. Kc5 Kd8 60. Kb6 Ke7 1/2-1/2

[Event "Erfurt op (Women)"]
[Site "Erfurt"]
[Date "2017.08.03"]
[Round "7"]
[White "Roncea, Andrea Alexandra"]
[Black "Hagenbeck Huebert, Lara"]
[Result "0-1"]
[WhiteElo "1361"]
[BlackElo "1694"]
[PlyCount "82"]
[EventDate "2017.07.31"]
[EventType "swiss"]
[EventRounds "9"]
[EventCountry "GER"]
[SourceTitle "CBM 179 Extra"]
[Source "ChessBase"]
[SourceDate "2017.08.23"]
[SourceVersion "1"]
[SourceVersionDate "2017.08.23"]
[SourceQuality "1"]

1. e4 e5 2. Nf3 Nc6 3. Bc4 Nf6 4. d3 Bc5 5. Bb3 0-0 6. 0-0 d6 7. c3 a5 8. Nbd2 h6 9. h3 Bd7 10. Re1 Kh7 11. Bc2 g5 12. Nh2 Rg8 13. d4 Bb6 14. dxe5 Nxe5 15. Ndf3 g4 16. hxg4 Nfxg4 17. Nxg4 Bxg4 18. Kf1 Bxf3 19. gxf3 Qh4 20. Be3 Qh3+ 21. Ke2 Qxf3+ 22. Kd2 Bxe3+ 23. fxe3 Rg2+ 24. Kc1 Qxd1+ 25. Kxd1 Rag8 26. Rb1 Rg1 27. Rxg1 Rxg1+ 28. Ke2 Rg2+ 29. Kd1 h5 30. b3 h4 31. Kc1 Rg1+ 32. Kb2 Rxb1+ 33. Kxb1 h3 34. Kb2 h2 35. c4 h1Q 36. Kc3 Qe1+ 37. Kb2 c6 38. a3 Qd2 39. Kb1 Nd3 40. Bxd3 Qxd3+ 41. Kb2 Qxe3 0-1

[Event "Erfurt op (Women)"]
[Site "Erfurt"]
[Date "2017.08.01"]
[Round "4"]
[White "Hagenbeck Huebert, Lara"]
[Black "Birkholz, Olga"]
[Result "0-1"]
[WhiteElo "1694"]
[BlackElo "2076"]
[PlyCount "142"]
[EventDate "2017.07.31"]
[EventType "swiss"]
[EventRounds "9"]
[EventCountry "GER"]
[SourceTitle "CBM 179 Extra"]
[Source "ChessBase"]
[SourceDate "2017.08.23"]
[SourceVersion "1"]
[SourceVersionDate "2017.08.23"]
[SourceQuality "1"]

1. d4 Nf6 2. Nf3 g6 3. Bf4 d6 4. e3 c6 5. Be2 Bg7 6. c3 0-0 7. 0-0 Nbd7 8. Nbd2 Re8 9. e4 e5 10. dxe5 dxe5 11. Bg3 Qc7 12. Qc2 Nh5 13. Rad1 Nxg3 14. hxg3 Nf8 15. Nc4 Bg4 16. Ne3 Bd7 17. Rd2 Bh6 18. Rd3 Be6 19. Rfd1 f6 20. b3 Rad8 21. Rxd8 Rxd8 22. Nc4 b5 23. Nb2 Rxd1+ 24. Bxd1 Nd7 25. Be2 Qd6 26. a4 bxa4 27. Nxa4 Qa3 28. c4 Nc5 29. Nxc5 Qxc5 30. Qd3 Kf7 31. Qd8 Bf8 32. Qd2 Qb6 33. Bd1 Bc5 34. Bc2 Bb4 35. Qd3 Ke7 36. Qd1 Qc5 37. Qc1 g5 38. Qd1 Qd6 39. Qxd6+ Kxd6 40. Kf1 a5 41. Bd3 Kc5 42. Ke2 Bc3 43. Nd2 Kb4 44. Bc2 Bd4 45. f3 Kc3 46. Bd1 Bc5 47. Nb1+ Kb2 48. Nd2 Bb4 49. g4 Kc1 50. Nf1 Bc5 51. Nd2 Bd4 52. b4 axb4 53. Nb3+ Kb2 54. Kd3 Ba7 55. Bc2 Ka3 56. Na5 Bb6 57. Nb3 Kb2 58. Bd1 Bg1 59. Na5 Bd7 60. Nb3 c5 61. Na5 Ka3 62. Kd2 Ba4 63. Bxa4 Kxa4 64. Nb7 b3 65. Kc1 Bd4 66. Kb1 Kb4 67. Nd6 Kc3 68. Ne8 Kxc4 69. Nxf6 Kd3 70. Nd5 c4 71. Nb4+ Kd2 0-1

[Event "GER-chT U20 Girls"]
[Site "Osnabrueck"]
[Date "2015.12.30"]
[Round "7.4"]
[White "Fuchs, Joline"]
[Black "Hagenbeck Huebert, Lara"]
[Result "0-1"]
[WhiteElo "1347"]
[BlackElo "1520"]
[PlyCount "92"]
[EventDate "2015.12.27"]
[EventType "team-swiss"]
[EventRounds "7"]
[EventCountry "GER"]
[SourceTitle "EXT 2017"]
[Source "ChessBase"]
[SourceDate "2016.10.25"]
[SourceVersion "1"]
[SourceVersionDate "2016.10.25"]
[SourceQuality "1"]
[WhiteTeam "Chemnitz USG"]
[BlackTeam "Grimma"]
[WhiteTeamCountry "GER"]
[BlackTeamCountry "GER"]

1. e4 Nf6 2. Nc3 e5 3. Bc4 Nxe4 4. Qh5 Nd6 5. Qxe5+ Qe7 6. Qxe7+ Bxe7 7. Bb3 Nc6 8. Nf3 0-0 9. 0-0 Nf5 10. d3 Ncd4 11. Nxd4 Nxd4 12. Nd5 Bd6 13. Re1 Nxb3 14. axb3 b6 15. Ne7+ Kh8 16. Nxc8 Rfxc8 17. Be3 a5 18. Bd4 Re8 19. Rxe8+ Rxe8 20. h3 Re2 21. c4 Rd2 22. Re1 h6 23. Re8+ Kh7 24. g3 Rxd3 25. Bc3 Bc5 26. Kg2 c6 27. Rd8 Kg6 28. Re8 f6 29. Re2 Kf7 30. Rd2 Rxd2 31. Bxd2 h5 32. Kf3 Ke6 33. Be3 Bxe3 34. Kxe3 Ke5 35. f3 g5 36. f4+ Kf5 37. fxg5 fxg5 38. Kf3 h4 39. g4+ Ke5 40. Ke3 d6 41. Kf3 Kd4 42. Ke2 Ke4 43. Kf2 Kf4 44. Ke2 Kg3 45. Ke3 Kxh3 46. Ke4 Kxg4 0-1

[Event "GER-chT U20 Girls"]
[Site "Osnabrueck"]
[Date "2015.12.29"]
[Round "6.4"]
[White "Hagenbeck Huebert, Lara"]
[Black "Liu, Sijia Anna"]
[Result "1/2-1/2"]
[WhiteElo "1520"]
[BlackElo "1190"]
[PlyCount "141"]
[EventDate "2015.12.27"]
[EventType "team-swiss"]
[EventRounds "7"]
[EventCountry "GER"]
[SourceTitle "EXT 2017"]
[Source "ChessBase"]
[SourceDate "2016.10.25"]
[SourceVersion "1"]
[SourceVersionDate "2016.10.25"]
[SourceQuality "1"]
[WhiteTeam "Grimma"]
[BlackTeam "Stuttgart Wolfbusch"]
[WhiteTeamCountry "GER"]
[BlackTeamCountry "GER"]

1. d4 d5 2. Nf3 Nf6 3. Bf4 c5 4. e3 Nc6 5. Be2 Qb6 6. Nc3 a6 7. Rb1 Bf5 8. a3 cxd4 9. Nxd4 Nxd4 10. exd4 e6 11. 0-0 Be7 12. Be5 0-0 13. Bd3 Bxd3 14. Qxd3 Qc6 15. Rfe1 b5 16. Re3 Qc4 17. Qe2 Qxe2 18. Rxe2 Rac8 19. f3 Rc6 20. Na2 a5 21. Rc1 Rfc8 22. Bg3 Nh5 23. Be1 Nf4 24. Rd2 Bg5 25. c3 Ng6 26. g3 Bxd2 27. Bxd2 e5 28. Be3 Rf6 29. Kg2 exd4 30. Bxd4 Re6 31. Kf2 Rce8 32. Rc2 Re1 33. Nc1 R1e6 34. Nd3 f6 35. f4 Rc6 36. Kf3 Ne7 37. Re2 Kf7 38. g4 Re6 39. Rd2 Nc6 40. Bc5 Re4 41. Nf2 R4e6 42. Rxd5 Rd8 43. Rxd8 Nxd8 44. Ne4 Nb7 45. Bd4 Ke7 46. f5 Rc6 47. g5 fxg5 48. Bxg7 Nd6 49. f6+ Ke8 50. Nxg5 h6 51. Bxh6 Nf7 52. Nxf7 Kxf7 53. Bg7 Rc5 54. h4 Rc4 55. h5 Rh4 56. h6 a4 57. Ke3 Kg6 58. Kd3 Kf7 59. c4 bxc4+ 60. Kc3 Kg6 61. Kb4 c3+ 62. Kxc3 Kf7 63. b4 Kg6 64. b5 Re4 65. b6 Re6 66. b7 Rb6 67. Kd4 Rxb7 68. Ke5 Rb6 69. Kd5 Ra6 70. Ke5 Rc6 71. Kd5 1/2-1/2

[Event "GER-chT U20 Girls"]
[Site "Osnabrueck"]
[Date "2015.12.27"]
[Round "2.4"]
[White "Boese, Christina"]
[Black "Hagenbeck Huebert, Lara"]
[Result "0-1"]
[WhiteElo "1516"]
[BlackElo "1520"]
[PlyCount "54"]
[EventDate "2015.12.27"]
[EventType "team-swiss"]
[EventRounds "7"]
[EventCountry "GER"]
[SourceTitle "EXT 2017"]
[Source "ChessBase"]
[SourceDate "2016.10.25"]
[SourceVersion "1"]
[SourceVersionDate "2016.10.25"]
[SourceQuality "1"]
[WhiteTeam "Bechhofen"]
[BlackTeam "Grimma"]
[WhiteTeamCountry "GER"]
[BlackTeamCountry "GER"]

1. d4 d5 2. c4 e6 3. Nc3 Nf6 4. cxd5 exd5 5. Bg5 c5 6. dxc5 Bxc5 7. e3 Be6 8. Bb5+ Nc6 9. Nf3 0-0 10. 0-0 a6 11. Ba4 b5 12. Bc2 Rc8 13. Qd3 g6 14. Bxf6 Qxf6 15. Nxd5 Qxb2 16. Rfb1 Qg7 17. Nf4 Bc4 18. Qd1 Ba3 19. Bb3 Bb2 20. Bxc4 bxc4 21. Qf1 c3 22. Rxb2 cxb2 23. Rb1 Nb4 24. Nd3 Nxd3 25. Qxd3 Rc1+ 26. Ne1 Rfc8 27. g3 Rxb1 0-1

[Event "Magdeburg op-B"]
[Site "Magdeburg"]
[Date "2014.06.08"]
[Round "2"]
[White "Roehr, Oliver"]
[Black "Hagenbeck Huebert, Lara"]
[Result "0-1"]
[WhiteElo "1245"]
[BlackElo "1443"]
[PlyCount "32"]
[EventDate "2014.06.08"]
[EventType "swiss"]
[EventRounds "9"]
[EventCountry "GER"]
[SourceTitle "CBM 160 Extra"]
[Source "ChessBase"]
[SourceDate "2014.07.01"]
[SourceVersion "1"]
[SourceVersionDate "2014.07.01"]
[SourceQuality "1"]

1. d4 Nf6 2. c4 d5 3. cxd5 Nxd5 4. e4 Nf6 5. Nc3 Nc6 6. Nf3 Bg4 7. Be3 e6 8. Be2 Bb4 9. Qc2 Bxf3 10. Bxf3 Nxd4 11. Bxd4 Qxd4 12. 0-0 Rb8 13. Nb5 Qe5 14. Nxc7+ Ke7 15. Rac1 Bd6 16. Qc3 Qxh2# 0-1

[Event "GER-ch U25 op-B"]
[Site "Oberhof"]
[Date "2013.05.19"]
[Round "2"]
[White "Hagenbeck Huebert, Lara"]
[Black "Schilay, Lorenz"]
[Result "0-1"]
[WhiteElo "1338"]
[BlackElo "1543"]
[PlyCount "86"]
[EventDate "2013.05.19"]
[EventType "swiss"]
[EventRounds "9"]
[EventCountry "GER"]
[SourceTitle "CBM 154 Extra"]
[Source "ChessBase"]
[SourceDate "2013.06.25"]
[SourceVersion "2"]
[SourceVersionDate "2013.06.25"]
[SourceQuality "1"]

1. d4 d5 2. Nf3 e6 3. Bf4 f5 4. e3 Nf6 5. Bd3 Be7 6. 0-0 0-0 7. Nbd2 Nbd7 8. c4 c6 9. cxd5 Nxd5 10. Bg3 c5 11. dxc5 Nxc5 12. Nb3 Nxe3 13. fxe3 Qxd3 14. Qxd3 Nxd3 15. Rab1 b6 16. Rfd1 Ba6 17. Nbd4 Kf7 18. Rxd3 Bxd3 19. Ne5+ Kf6 20. Nxd3 Rfd8 21. Bh4+ g5 22. Bxg5+ Kxg5 23. Nxe6+ Kf6 24. Nxd8 Rxd8 25. Nf4 Rd2 26. b4 Rxa2 27. Nd5+ Ke6 28. Nxe7 Kxe7 29. h3 Ke6 30. Rc1 Rd2 31. Rc7 Rd7 32. Rxd7 Kxd7 33. Kf2 Kc6 34. e4 fxe4 35. g4 a5 36. bxa5 bxa5 37. Ke3 a4 38. Kxe4 a3 39. Kf5 a2 40. h4 a1Q 41. g5 Qg7 42. h5 Qf7+ 43. Kg4 Kd6 0-1

[Event "GER-chT U14 Girls"]
[Site "Magdeburg"]
[Date "2012.12.29"]
[Round "5.4"]
[White "Wang, Yanru"]
[Black "Hagenbeck Huebert, Lara"]
[Result "1-0"]
[WhiteElo "1413"]
[BlackElo "1261"]
[PlyCount "57"]
[EventDate "2012.12.27"]
[EventType "team-swiss"]
[EventRounds "7"]
[EventCountry "GER"]
[SourceTitle "EXT 2014"]
[Source "ChessBase"]
[SourceDate "2013.11.20"]
[SourceVersion "1"]
[SourceVersionDate "2013.11.20"]
[SourceQuality "1"]
[WhiteTeam "Oesede Georgsmarienhuette"]
[BlackTeam "Grimma"]
[WhiteTeamCountry "GER"]
[BlackTeamCountry "GER"]

1. f4 d5 2. b3 Nf6 3. Bb2 e6 4. Nf3 c5 5. e3 Be7 6. Be2 Nc6 7. 0-0 Bd7 8. d3 Qc7 9. a3 h6 10. Qe1 g5 11. g3 d4 12. fxg5 hxg5 13. exd4 Nxd4 14. Nxd4 cxd4 15. Bxd4 e5 16. Bc3 Bc5+ 17. d4 exd4 18. Bd3+ Kd8 19. Bd2 Re8 20. Qf2 Nh7 21. Qxf7 Rh8 22. Bxg5+ Kc8 23. Bf4 Qc6 24. Nd2 Bh3 25. Bf5+ Bxf5 26. Qxf5+ Kd8 27. Qd3 b6 28. Be5 Re8 29. Bxd4 1-0

[Event "Sachsen-ch U10 Girls"]
[Site "Sebnitz"]
[Date "2011.04.29"]
[Round "5"]
[White "Belusa, Laura Sophie"]
[Black "Hagenbeck Huebert, Lara"]
[Result "0-1"]
[WhiteElo "908"]
[BlackElo "926"]
[PlyCount "94"]
[EventDate "2011.04.26"]
[EventType "swiss"]
[EventRounds "7"]
[EventCountry "GER"]
[SourceTitle "EXT 2012"]
[Source "ChessBase"]
[SourceDate "2011.11.24"]
[SourceVersion "1"]
[SourceVersionDate "2011.11.24"]
[SourceQuality "1"]

1. e4 e5 2. Bc4 Bc5 3. Nf3 Nc6 4. d3 d6 5. Ng5 Be6 6. Be3 Bxe3 7. Bxe6 fxe6 8. Nxe6 Qe7 9. fxe3 Qxe6 10. 0-0 0-0-0 11. d4 exd4 12. exd4 Qc4 13. c3 Nf6 14. Na3 Qa6 15. c4 Ne7 16. Qc2 c6 17. d5 c5 18. Rf5 Nxf5 19. exf5 Qa5 20. Nb5 Rhe8 21. Nc3 Re5 22. Kf1 Qc7 23. Nb5 Qe7 24. Qc3 Re8 25. Nxa7+ Kb8 26. Nb5 Ng4 27. Qa5 Ne3+ 28. Kf2 Rxf5+ 29. Kg1 Ref8 30. h3 Qe5 31. Qa7+ Kc8 32. Qa8+ Kd7 33. Qxb7+ Ke8 34. Nc7+ Kf7 35. Ne6+ Kg6 36. Nxf8+ Rxf8 37. Qb3 Qg3 38. Qd3+ Kh6 39. Qxe3+ Qxe3+ 40. Kh1 Rf2 41. a4 Qg3 42. Rg1 Rxb2 43. a5 Ra2 44. a6 Rxa6 45. Rf1 Ra2 46. Rg1 Kg5 47. h4+ Qxh4# 0-1

[Event "Sachsen-ch U10 Girls"]
[Site "Sebnitz"]
[Date "2011.04.29"]
[Round "6"]
[White "Hagenbeck Huebert, Lara"]
[Black "Boehle, Rebecca"]
[Result "0-1"]
[WhiteElo "926"]
[BlackElo "1012"]
[PlyCount "84"]
[EventDate "2011.04.26"]
[EventType "swiss"]
[EventRounds "7"]
[EventCountry "GER"]
[SourceTitle "EXT 2012"]
[Source "ChessBase"]
[SourceDate "2011.11.24"]
[SourceVersion "1"]
[SourceVersionDate "2011.11.24"]
[SourceQuality "1"]

1. e4 e5 2. Nf3 Nc6 3. Nc3 Nf6 4. Bc4 Bc5 5. d3 d6 6. Bg5 Bg4 7. Nd5 Be6 8. c3 Bxd5 9. Bxd5 Na5 10. Qa4+ c6 11. Bc4 0-0 12. Qd1 Nxc4 13. dxc4 Qe7 14. 0-0 Qe6 15. b4 Bb6 16. Qd3 d5 17. cxd5 cxd5 18. exd5 Nxd5 19. Rfe1 Bc7 20. Nd2 Qg4 21. Qg3 Qf5 22. Bh6 Qf6 23. Bg5 Qg6 24. Bh4 Qh6 25. Nc4 e4 26. Rxe4 Bxg3 27. hxg3 Nxc3 28. Rg4 Ne2+ 29. Kf1 Nc3 30. f4 Qe6 31. Ne5 Qa6+ 32. Kg1 Ne2+ 33. Kh2 Nd4 34. Rd1 Nf5 35. Bg5 Ne3 36. Rd3 Nxg4+ 37. Nxg4 Qxd3 38. a3 Qxa3 39. f5 Qxb4 40. f6 Qxg4 41. Bf4 Qh5+ 42. Kg1 gxf6 0-1